000 01134nam a22003377a 4500
003 CHAP
005 20220329143319.0
008 080521d2007 us r 00110 eng d
010 _a94837
011 _a95809
020 _a9780521651516
035 _a106440
040 _cCHAP
082 0 4 _a624.1
_bG7
100 1 _aGraef, Marc de
_950188
245 1 0 _aStructure of materials :
_ban introduction to crystallography, diffraction, and symmetry
_c/by Marc de Graef and Michael E. McHenry
260 _aNew York :
_bCambridge University,
_c2007
300 _axxxi, 844 p. :
_bilus. ; tablas
590 _aBATCH-UPD
_b10
_c20130110
_lUCH01
_h0737
590 _aBATCH-UPD
_b10
_c20130410
_lUCH01
_h0420
590 _aBATCH-UPD
_b10
_c20130914
_lUCH01
_h1059
590 _aCONVERSION
_b10
_c20130109
_lUCH01
_h1352
650 1 4 _aCristalografía.
_928986
650 1 4 _aEstructuras, teoría de las.
_938487
650 1 4 _aSimetría.
_9106156
700 1 _aMcHenry, Michael E.
_973591
901 _aBK
911 _aen proceso
942 _cLIBRO
949 _a624.1 G7
_bBC
_cLIBRO
_d33724002060439
_eLIBRO
_gI237065
_h109515
_i106440
_sb
_t$1.377.00
999 _c94837
_d94837